000 00831nam a2200217 a 4500
005 20210223122201.0
008 991125s1980 mx 000 0 spa u
035 _aUPN01000030652
049 _aSEP
050 4 _aLA427.5
_bF5.5
111 2 _aSeminario Nacional sobre Planeación y Administración de la Educación Superior
_d(1980 :
_cAguascalientes)
_929996
245 1 3 _aLa información, apoyo básico de la planeación /
_cSergio Figueroa Balderas.
260 _a[Aguascalientes] :
_bANUIES :
_bSEP,
_c1980.
300 _a31 p.
500 _a"Universidad Autónoma de Aguascalientes"
500 _a"Plan Nacional de Educación Superior"
500 _aFotocopia
650 4 _aEDUCACION SUPERIOR -
_zMEXICO -
_xSERVICIOS DE INFORMACION
_919885
610 2 4 _aPLAN NACIONAL DE EDUCACION SUPERIOR (MEXICO)
_924129
905 _aLibro
999 _c30652
_d30652